000
00326nam a2200121 a 4500
008
100917s1989|||| d
245
1
0
_a
Prekliati králi 7
_b
Keď kráľ prehrá Francúzsko
100
1
_a
Druon, Maurice
260
_b
Slovenský spisovateľ
_a
Bratislava
_c
1989
020
_c
23
044
_a
xo
_c
SK
041
_a
slo
999
_c
10445
_d
10445